000 00613nmm a2200181Ia 4500
008 251105s9999||||xx |||||||||||||||||und||
020 _a9789587386394
041 _aspa
100 _aCortés Sánchez, Julián David
245 0 _aGobierno electrónico en América Latina : Revisión y tendencias
264 _a[Bogotá, Colombia] :
_bUniversidad del Rosario,
_c2015
300 _a128 páginas
650 _aPolitical Science (General)
700 _aCortés Sánchez, Julián David
700 1 _a Cardona Madariaga, Diego Fernando
856 _uhttps://public.digitaliapublishing.com/a/46533
942 _cCF
999 _c64254
_d64254